<?xml version="1.0" encoding="UTF-8" ?>
<collection xmlns="http://www.loc.gov/MARC21/slim"><record><leader>01269nam a2200301   4500</leader><controlfield tag="001">206441</controlfield><controlfield tag="003">CH-000273-5</controlfield><controlfield tag="005">20210106094922.0</controlfield><datafield tag="035" ind1=" " ind2=" "><subfield code="a">(OCoLC)1131781270</subfield></datafield><datafield tag="040" ind1=" " ind2=" "><subfield code="a">CH-000273-5</subfield><subfield code="b">ger</subfield><subfield code="e">rda</subfield></datafield><datafield tag="041" ind1=" " ind2=" "><subfield code="a">ger</subfield></datafield><datafield tag="100" ind1="1" ind2="0"><subfield code="a">Baumeister, Willi</subfield><subfield code="d">1889-1955</subfield><subfield code="e">Verfasser</subfield><subfield code="4">aut</subfield></datafield><datafield tag="245" ind1="0" ind2="0"><subfield code="a">Brief, herrn direktor dr Waltmann kunsthaus zürich</subfield><subfield code="b">sehr geehrter herrr, ...</subfield><subfield code="c">sehr ergebenst ihrer antwort entgegensehend Willi Baumeister 30.11.32, Frankfurt/Main Neue Mainzerstr. 47</subfield></datafield><datafield tag="264" ind1=" " ind2=" "><subfield code="a">Frankfurt am Main</subfield><subfield code="c">1932</subfield></datafield><datafield tag="300" ind1=" " ind2=" "><subfield code="a">1 Blatt</subfield><subfield code="c">29,5 x 20,9 cm</subfield><subfield code="e">2 Beilagen</subfield></datafield><datafield tag="336" ind1=" " ind2=" "><subfield code="a">Text</subfield><subfield code="b">txt</subfield><subfield code="2">rdacontent</subfield></datafield><datafield tag="337" ind1=" " ind2=" "><subfield code="a">ohne Hilfsmittel zu benutzen</subfield><subfield code="b">n</subfield><subfield code="2">rdamedia</subfield></datafield><datafield tag="338" ind1=" " ind2=" "><subfield code="a">Blatt</subfield><subfield code="b">nb</subfield><subfield code="2">rdacarrier</subfield></datafield><datafield tag="500" ind1=" " ind2=" "><subfield code="a">Kopie eines Briefes von Baumeister an Dr. Gideon und Schreiben von Gideon an Kunsthaus</subfield></datafield><datafield tag="600" ind1="1" ind2="7"><subfield code="a">Baumeister, Willi</subfield><subfield code="d">1889-1955</subfield><subfield code="x">Brief</subfield><subfield code="x">Typoskript</subfield></datafield><datafield tag="600" ind1="1" ind2="7"><subfield code="2">gnd</subfield></datafield><datafield tag="610" ind1="2" ind2="7"><subfield code="a">Kunsthaus Zürich</subfield><subfield code="x">Ausstellung</subfield><subfield code="x">Geschäftsbrief</subfield><subfield code="2">gnd</subfield></datafield><datafield tag="655" ind1="0" ind2="7"><subfield code="a">Typoskript</subfield><subfield code="2">gnd</subfield></datafield><datafield tag="655" ind1="0" ind2="7"><subfield code="a">Brief</subfield><subfield code="2">gnd</subfield></datafield><datafield tag="700" ind1="1" ind2="0"><subfield code="a">Wartmann, Wilhelm</subfield><subfield code="d">1882-1970</subfield><subfield code="e">Adressat</subfield><subfield code="4">rcp</subfield></datafield><datafield tag="710" ind1="2" ind2="0"><subfield code="a">Kunsthaus Zürich</subfield><subfield code="e">Adressat</subfield><subfield code="4">rcp</subfield></datafield><datafield tag="852" ind1="4" ind2="0"><subfield code="a">CH-000273-5</subfield><subfield code="c">10.30.30.178.baumeister.19321130</subfield></datafield><datafield tag="856" ind1="4" ind2="1"><subfield code="u">https://digital.kunsthaus.ch/viewer/image/206441/1/</subfield><subfield code="y">Kunsthaus Zürich Sammlungen Online</subfield></datafield></record></collection>